000 00427nam a2200193Ia 4500
008 210210b2016 xxu||||| |||| 00| 0 eng d
041 _aeng
082 _a111 UPAA
100 _aUPADHYAYA (S Hayavadana)
245 _aAnanda: bliss in being
260 _aUdupi
_b-
_c2016
300 _axiii,229
650 _ain
650 _abliss
650 _abeing
650 _aAnanda:
690 _aPhilosophy
906 _a071224
999 _c120569
_d120569